000 01320cpcaa2200313 a 4500
001 mm 80002031
003 DLC
005 20260227111658.0
008 800115|||||||||||| eng
010 _amm 80002031
040 _aDLC
_cDLC
_dDLC
_edacs
072 7 _aW
_2lcmd
100 1 _aVan Norman, C. R.
245 0 0 _aC.R. Van Norman correspondence,
_f1861.
300 _a2
_fitems.
506 0 _aOpen to research.
520 8 _aALsS (1861 July 4 and September 19) written by Van Norman to his aunt describing camp life and training during his Civil War service with the 4th Wisconsin Infantry Regiment in Maryland and Pennsylvania.
545 0 _aUnion soldier.
546 _aCollection material in English.
580 _aForms part of: Miscellaneous Manuscripts collection.
610 1 0 _aUnited States.
_bArmy
_xMilitary life.
610 1 0 _aUnited States.
_bArmy.
_bWisconsin Infantry Regiment, 4th (1861-1863)
651 0 _aMaryland
_xHistory
_yCivil War, 1861-1865.
651 0 _aPennsylvania
_xHistory
_yCivil War, 1861-1865.
651 0 _aUnited States
_xHistory
_yCivil War, 1861-1865.
651 0 _aWisconsin
_xHistory
_yCivil War, 1861-1865.
656 7 _aSoldiers.
_2itoamc
999 _c42411
_d42411